000 00835nam a2200205Ii 4500
003 JO-AjNU
008 230605s9999||||xx |||||||||||||| ||und||
040 _aJO-AjNU
_bara
_erda
_cJO-AjNU
041 _aara
050 1 4 _aDS38.14.T2.1988
100 3 _aتاليف: الطبري، ابي جعفر محمد بن جرير,
_eauthor
_959012
245 0 0 _aتاريخ الطبري: تاريخ الامم والملوك: من سنة 191 للهجرة لغاية السنة 302 للهجرة، مج 5
250 _aط2
264 3 1 _aبيروت: دار الكتب العلمية،1988
300 _aج5: 699ص
_bيحتوي على فهرس من ص 681-699
336 _atext
_btxt
_2rdacontent
337 _aunmediated
_bn
_2rdamedia
338 _avolume
_bnc
_2rdacarrier
650 4 _aالتاريخ الاسلامي - عالم عربي
_959013
999 _aA26534
_c30102
_d30102